000 00505nam a2200181Ia 4500
008 090123s9999 xx 000 0 und d
082 _b3565
_a891.463/शेळके
100 _aशेळके उध्दव ज.
245 _aअनौरस
250 _a1
260 _bसुलभ मु.
300 _a349
600 _aशेळके उध्दव ज.
630 _aअनौरस
700 _aशेळके उध्दव ज.
730 _aअनौरस
942 _cBOOK
999 _c41645
_d41645